Counties by Letter: F - Statistics

General Stats
  • This quiz has been taken 66 times
  • The average score is 57 of 105
Answer Stats
State County % Correct
Alabama | Arkansas | Florida | +22 others Franklin
100%
California Fresno
78%
Maryland | Virginia Frederick
61%
Arkansas | Georgia | Illinois | +5 others Fulton
61%
Virginia Fairfax
56%
Connecticut | Ohio | South Carolina Fairfield
56%
Illinois | Kansas Ford
56%
Colorado | Idaho | Iowa | Wyoming Fremont
56%
Alabama | Georgia | Illinois | +8 others Fayette
50%
Minnesota | Nebraska Fillmore
44%
Mississippi Forrest
44%
Georgia | North Carolina Forsyth
44%
Alaska Fairbanks North Star
39%
South Dakota Faulk
39%
South Carolina | Wisconsin Florence
39%
Pennsylvania | Wisconsin Forest
39%
Texas Falls
33%
Georgia | Texas Fannin
33%
Georgia | Indiana | Iowa | +3 others Floyd
33%
North Dakota Foster
33%
Virginia Falls Church
28%
Texas Fisher
28%
Indiana Fountain
28%
Virginia Fredericksburg
28%
Montana Fallon
22%
Arkansas Faulkner
22%
Montana Fergus
22%
Washington Ferry
22%
Florida Flagler
22%
Montana Flathead
22%
Texas Foard
22%
Wisconsin Fond du Lac
22%
Minnesota Freeborn
22%
Texas Frio
22%
South Dakota Fall River
17%
Kansas Finney
17%
Texas Fort Bend
17%
Texas Freestone
17%
Nebraska Frontier
17%
Minnesota Faribault
11%
Tennessee Fentress
11%
Kentucky Fleming
11%
Nebraska Furnas
11%
Virginia Fauquier
6%
Virginia Fluvanna
6%
No matching quizzes found
Score Distribution
Percent of People with Each Score
Percentile by Number Answered
Your Score History
You have not taken this quiz